000 00609nam a22001697a 4500
999 _c61114
_d61114
005 20231220152358.0
008 231220s1997 ru ||||| |||| 00| 0 rus d
041 _arus
080 _a575.8(075.8) Я-14
100 _aЯблоков А.В.
_920805
245 _aЭволюционное учение /
_cА.В. Яблоков, А.Г. Юсуфов.
264 _aМ.:
_bВысшая школа,
_c1976.
300 _a236 c. :
_bил.;
_c23 см.
653 _aევოლუციური დოქტრინა
700 _aЮсуфов, А.Г
_eავტორი
_920806
942 _2udc
_cᲬᲘᲒᲜᲘ